Villes plus grandes que... - Statistiques

Statistiques générales
  • Ce quiz a été pris 61 fois
  • Le résultat moyen est 14 sur 30
Statistiques - réponses
Plus peuplée que... Dans cette région Ville % Correct
Paris Union Européenne Berlin | Rome | Madrid
98%
Tunis Maghreb Alger | Oran | Salé | Marrakesh | Fès | Tanger | Casablanca
80%
Bruxelles Belgique Anvers | Gand | Charleroi
76%
Rio de Janeiro Amérique du Sud São Paulo | Bogota
70%
Caen Normandie Le Havre | Rouen
69%
Edmonton Canada Toronto | Montréal
63%
New-York Amériques São Paulo | Mexico
59%
Copenhague Scandinavie Stockholm | Oslo
59%
Austin Texas Houston | San Antonio | Dallas | Fort Worth
56%
Tallinn Pays Baltes Riga | Vilnius
52%
Wellington Nouvelle-Zélande Christchurch | Auckland
50%
Les Pays-Bas Monde entier Beijing | Shanghai
48%
Djeddah Péninsule arabique Dubaï | Riyadh
48%
Région Nouvelle-Aquitaine Europe Londres | Istanbul | Moscou
46%
Casablanca Afrique Luanda | Gizeh | Le Caire | Alexandrie | Addis-Abeba | Nairobi | Abidjan | Bamako | Lagos
46%
Athènes Balkans* Sofia | Zagreb | Bucarest | Belgrade
46%
Managua Amérique centrale San José | Panama City | Tegucigalpa
44%
Londres Une île Jakarta | Tokyo
43%
Port-au-Prince Îles des Caraïbes Saint-Domingue | La Havane
43%
Magdebourg Allemagne de l'Est (Sans Berlin) Chemnitz | Dresde | Leipzig
41%
Nicosie Île hellénophone Limassol | Strovolos | Chalcis | Héraklion | La Canée | Réthymnon | Rhodes
41%
Split Côtes de l'Adriatique Rimini | Ravenne | Trieste | Venise
39%
Lozère Hauts-de-Seine Boulogne-Billancourt | Nanterre | Asnières-sur-Seine | Colombes | Courbevoie | Rueil-Malmaison
35%
Bolzano Alpes Grenoble | Innsbruck
31%
Amman Mashrek (Moyen-Orient) Alep | Damas | Bagdad
28%
San Francisco Baie de San Francisco San Jose
20%
Neuchâtel Tessin Lugano | Bellinzone
17%
Manille Philippines Quezon City
17%
Tromsø Nord du cercle arctique Mourmansk | Norilsk
13%
Amritsar Inde (Ville Sainte) Varanasi | Patna | Nashik | Prayagraj
9%
Aucun quiz correspondant
Distribution des résultats
% des personnes avec chaque résultat
Percentile par nombre de réponses
Votre historique - résultats
Vous n’avez pas pris ce quiz